Publications of the International agricultural research and development centers

Uloženo v:
Podrobná bibliografie
Hlavní autor: IRRI
Médium: Kniha
Jazyk:Undetermined
Vydáno: Manila IRRI 1984
Témata:
Tagy: Přidat tag
Žádné tagy, Buďte první, kdo otaguje tento záznam!
Thư viện lưu trữ: Trung tâm Học liệu Trường Đại học Cần Thơ
LEADER 00531nam a2200181Ia 4500
001 CTU_29038
008 210402s9999 xx 000 0 und d
082 |a 016.630 
082 |b I71p/1984 
100 |a IRRI 
245 0 |a Publications of the International agricultural research and development centers 
245 0 |c IRRI 
260 |a Manila 
260 |b IRRI 
260 |c 1984 
650 |a agriculture - bibliography 
904 |i Nguyễn Quang Điền, 990310 
980 |a Trung tâm Học liệu Trường Đại học Cần Thơ